[Event "GER CCM-E03-C email"]
[Site "GER email"]
[Date "2019.06.19"]
[Round "?"]
[White "Ojeda, Jose Luis"]
[Black "Boino, Claudio"]
[Result "1/2-1/2"]
[WhiteElo "2283"]
[BlackElo "2267"]
[PlyCount "46"]
[EventDate "2019.??.??"]
[EventType "tourn (corr)"]
[EventRounds "13"]
[EventCountry "GER"]
[SourceTitle "Corr 2022"]
[Source "ChessBase"]
[SourceDate "2021.10.24"]
[SourceVersion "1"]
[SourceVersionDate "2021.10.24"]
[SourceQuality "1"]

1. e4 c5 2. Nf3 d6 3. d4 cxd4 4. Nxd4 Nf6 5. Nc3 a6 6. f4 e5 7. Nb3 Nbd7 8. g4 d5 9. exd5 Nb6 10. g5 Nfxd5 11. Bg2 Nxf4 12. Qxd8+ Kxd8 13. Bxf4 exf4 14. a4 Kc7 15. 0-0 Be6 16. Rxf4 Rd8 17. a5 Nc4 18. Na4 Bd6 19. Re4 Ne5 20. Nbc5 Bd5 21. Rb4 Kc8 22. Rf1 f6 23. h4 h6 1/2-1/2